LEADER 01662nam a2200277 4500 001 000000339347 003 CaOOAMICUS 005 20200211121204.0 008 200211s1779 fr a 000 u fre r 026 $aurs. teon u,n. n'ce (3) 1779 (R) 040 $aSeMil$bita 245 03$a1: Traité d'insectologie. Observations diverses sur les insectes. 264 1$aA Neuchatel :$bDe l'imprimerie de Samuel Fauche, libraire du Roi,$c1779. 300 $a[4], II, [1], xxxj, [1], 574, [2] p., [1] carta di tav., [16] carte di tav. ripieg. :$bill. ;$c4° 500 $aVignetta calcogr. (Insetti su un ramo), sottoscritta: Bradt fec, sul front. 500 $aAntiporta calcogr. con ritr. dell'A., disegnato da Jens Juel, con data 1777, e inciso da Johan Frederik Clemens, con data 1778 500 $aSegn.: ?˛ a˛ ˛a-d? A-4C? 700 11$aBonnet, Charles,$d<1720-1793>.$0(OLS)http://semarc/name/12792 700 1 $aClemens, Johan Frederik,$eincisore.$0(OLS)http://semarc/name/110942 700 1 $aJuel, Jens,$eincisore.$0(OLS)http://semarc/name/110943 773 0 $aBonnet, Charles <1720-1793>$tOeuvres d'histoire naturelle et de philosophie de Charles Bonnet ... Tome 1. [-8.].$dA Neuchatel : De l'imprimerie de Samuel Fauche, libraire du Roi, 1779-1783.$g1$w()339334 850 $aSeMil 852 $aSeMil$W1$xVenegono$y1$m3XC IV 1 FA$j218511$B230444$CSeMilBibl$Z2$F230444 $8I 996 $6245$a1: Traité d'insectologie. Observations diverses sur les insectes$9(OLS)http://semarc/title/428170 996 $6264$aA Neuchatel :$bDe l'imprimerie de Samuel Fauche, libraire du Roi$9(OLS)http://semarc/publisher/58838 LEADER 00977nas a2200193 i 4500 001 000000030796 003 CaOOAMICUS 005 20180830125449.0 008 180830n it uu u0 0ita r 040 $aSeMil$bita 100 1 $aDeputazione di Storia Patria per le Province Parmensi.$0(OLS)http://semarc/name/14203 245 10$aArchivio storico per le province parmensi. 4. Serie /$cDeputazione di Storia Patria per le Province Parmensi. 260 $aParma :$bDeputazione di Storia Patria per le Province Parmensi 300 $av. ;$c25 cm. 500 $aDescrizione basata sul Vol. 30., Tomo 2. (1978). 500 $aConsistenza: n. 2 (1978) 774 0 $tPiacenza e il B. Paolo Burali.$dParma : Deputazione di Storia Patria per le Province Parmensi, 1979.$w()50337 996 $6245$aArchivio storico per le province parmensi. 4. Serie$9(OLS)http://semarc/title/41902 996 $6260$aParma :$bDeputazione di Storia Patria per le Province Parmensi$9(OLS)http://semarc/publisher/38660